Cities That Start With 'A' - Statistics

General Stats
  • This quiz has been taken 30 times
  • The average score is 9 of 10
Answer Stats
Clue City % Correct
Australia's Fifth Largest City Adelaide
100%
Named After A Macedonian King Alexandria
97%
Scotland's ' Silver City ' Aberdeen
93%
Alaska's Largest City Anchorage
93%
Turkey's Capital Ankara
93%
Parthenon Athens
93%
Largest Emirate Of The UAE Abu Dhabi
86%
Taj Mahal Agra
86%
Canals And Drugs Amsterdam
86%
Former Capital Of Kazakhstan Almaty
66%
No matching quizzes found
Score Distribution
Percent of People with Each Score
Percentile by Number Answered
Your Score History
You have not taken this quiz